| 000 | 00816nam a22001937a 4500 | ||
|---|---|---|---|
| 003 | OSt | ||
| 005 | 20260328101223.0 | ||
| 008 | 260328b |||||||| |||| 00| 0 eng d | ||
| 040 | _c0 | ||
| 082 | _aDPer 361.3095 As41 March-December 2024 v. 34 n. 1-4 | ||
| 100 |
_aSong, Yaena. _eauthor. _970335 |
||
| 245 |
_aMultilevel factors associated with depressive mood among multicultural adolescents in South Korea / _cYaena Song and Sou Hyun Jang. |
||
| 260 |
_aOxfordshire, United Kingdom : _bRoutledge Taylor & Francis Group , _cJune 2024 |
||
| 300 |
_avolume 34, pages 128-144 : _billustration ; _c24cm. |
||
| 500 | _aAsia Pacific Journal of Social Work & Development, Vol. 34, No. 2, Pages 128-144, June 2024 | ||
| 700 |
_aSong, Yaena. _eauthor. _970335 |
||
| 700 |
_aJang, Sou Hyun. _eauthor. _970336 |
||
| 942 |
_2ddc _cPER |
||
| 999 |
_c24536 _d24536 |
||